000 00646nam a2200253Ia 4500
001 50982
005 20240114005210.0
007 ta
008 090615s1894 g b000 u 465 u
020 _cHB
040 _aCotton College,Assam
041 _a465
082 _a540
_bGRO
100 _aGroves, C. E. .
245 0 _aJournal of the Chemical Society Vol. LXV /
_cC. E. Groves.
_hTextual Documents
250 _a1st ed /
260 _aLondon :
_bGurney & Jackson ,
_c1894.
300 _a1053p ;
_c23 cm.
653 _aJournals
653 _aBV-Chemistry
942 _2ddc
_cBK
999 _c50947
_d50947